=LDR 00000nam 2200000 4500 =001 INLIS000000000004859 =005 20130612093128 =008 ***********************************Ind** =035 ##$$0010-061300000004859 =041 ##$$a Ind =082 ##$$a 796.342 =090 ##$$a 796.342, For t =100 ##$$a FORTE, Vincent =245 ##$$a Tenis: Mengapa Anda kalah ? / oleh Vincent Fortre. -- Cet.3. -- =260 ##$$a 1992 $b Semarang : Dahara Prize =300 ##$$a 140 hlm. : ilus. ; 21 cm =650 ##$$a Tenis =850 ##$$a NBPNMAT